|
|
|
|
| LEADER |
01118cam a2200301Ia 4500 |
| 001 |
9780203973899 |
| 003 |
FlBoTFG |
| 005 |
20091230162920.0 |
| 006 |
a|||||s||||||||||| |
| 007 |
cr|||| |
| 008 |
911114s1992 enkb sb 001 0ceng d |
| 020 |
|
|
|a 9780203973899 (e-book : PDF)
|
| 040 |
|
|
|a FlBoTFG
|c FlBoTFG
|d GrThAP
|
| 043 |
|
|
|a e-gr---
|a e-bu---
|a e-yu---
|
| 090 |
|
|
|a DF234.2
|b .H38 1992
|
| 092 |
|
|
|a 938.07
|b H448
|
| 100 |
1 |
|
|a Heckel, Waldemar,
|d 1949-
|
| 245 |
1 |
4 |
|a The marshals of Alexander's empire
|h [electronic resource] /
|c Waldemar Heckel.
|
| 260 |
|
|
|a London ;
|a New York :
|b Routledge,
|c 1992.
|
| 300 |
|
|
|a xxiv, 416 p. :
|b maps.
|
| 504 |
|
|
|a Includes bibliographical references (p. 387-412) and index.
|
| 530 |
|
|
|a Also available in print edition.
|b CRC Press (http://www.crcpress.com)
|
| 538 |
|
|
|a Mode of access: World Wide Web.
|
| 600 |
0 |
0 |
|a Alexander,
|c the Great,
|d 356-323 B.C.
|x Friends and associates.
|
| 650 |
|
0 |
|a Generals
|z Macedonia
|v Biography.
|
| 655 |
|
7 |
|a Electronic books.
|2 lcsh
|
| 776 |
1 |
|
|z 9780415050531
|
| 856 |
4 |
0 |
|u http://www.tandfebooks.com/isbn/9780203973899
|z Full Text via HEAL-Link
|